Missa brevis

Gespeichert in:
Bibliographische Detailangaben
Format: Buch
Sprache:Spanisch
Veröffentlicht: s.l s.n 1939
Schlagworte:
Tags: Tag hinzufügen
Keine Tags, Fügen Sie den ersten Tag hinzu!

MARC

LEADER 00000nam a2200000 a 4500
001 UCK5034
003 CL-VaPUC
005 20240912113020.0
008 050708e19390000sl |||||||||||||||||spa|d
999 |c 313725  |d 313723 
040 |c Pontificia Universidad Católica de Valparaíso 
082 0 4 |a Co782.323  |b MOZ  |2 21 
245 1 0 |a Missa brevis 
260 |a s.l  |b s.n  |c 1939 
300 |a pág. irreg 
500 |a Incluye partes de las cuerdas en manuscrito 
500 |a No hay parte de viola 
500 |a No hay partitura general 
500 |a No hay parte del coro 
583 |a last modification  |c 20180109 02:33:45  |k Rodrigo Vera 
650 0 |a Misas   |9 375496 
650 0 |a Música sacra  |9 306656 
650 0 |a Música coral   |9 327326 
650 0 |a Compositores austríacos  |2 CL-VaPUC  |9 324827 
942 |c BK  |2 ddc 
945 |d 20050708 00:00:00  |a cmena 
952 |0 0  |1 0  |4 0  |6 CO_782_323000000000000_MOZ_1939  |7 0  |8 X  |9 385213  |a BIBEDU  |b BIBEDU  |c BIBEDU_PB  |d 2019-11-22  |i 4096045  |o Co782.323 MOZ 1939  |p 4096045  |r 2023-11-22  |w 2019-11-22  |y BK_X  |k MUS